000 00595nam a2200229 i 4500
001 2741938
005 20180115070417.0
008 780221s1977 enka b 001 0 eng
010 _a 78301727
015 _aGB***
020 _a085501220X
040 _aDLC
_cDLC
_dDLC
041 _aeng
080 _a581.19 TRE
082 0 0 _a581.19 TRE
100 1 _a9
101 _aMJE
245 1 3 _aAn introduction to the botany of the major crop plants /
_cAlex M. M. Berrie.
504 _aBibliography: p. 187-189.
906 _a7
_bcbc
_corignew
_d3
_encip
_f19
_gy-gencatlg
942 _2ddc
_cBK
999 _c40261
_d40261